000 00794nam a2200229 i 4500
001 30716
003 ES-MaACL
005 20250821111319.0
007 t|
008 030127s1967 sp ||||1| spa d
100 1 _aBayliss, Leonard Ernest.
_926678
245 1 0 _aMecanismos de control de los seres vivientes /
_cL.E. Bayliss ; prólogo A.V. Hill y A.F. Huxley ; versión Luis García Ballester, Rosa Martínez Silvestre.
250 _a[1ª ed.].
260 _aBarcelona, etc. :
_bOikos-Tau,
_c[1967]
300 _a249 p. :
_bil. ;
_c21 cm.
700 1 _aHill, A. V.
_963694
700 1 _aHuxley, A. F.
_964857
700 1 _aGarcía Ballester, Luis,
_d1936-2000
_954214
700 0 _aMartínez Silvestre, Rosa.
_978434
852 _aES-MaACL
_jG-7351
_bR.65532
999 _c30716
_d30716